000 00286nam a22001217a 4500
008 181019b xxu||||| |||| 00| 0 eng d
041 _aeng
080 _22nd
_a617
100 _a8
101 _aORT
245 _aManual of Acute Orthopaedic Therapeutics
_cIversen,L.D
942 _2udc
_cBK
999 _c50218
_d50218